Skip to main content
Your cart is empty.
Your lists
Log in to create your own lists
Your cookies
العربية
English
العربية
Home
Search
Advanced search
Authority search
About
The noble scholar, jurist, historian
His Excellency Dr. Abdul Wahhab bin Ibrahim Abu Sulaiman, may Allah have mercy on him.
He was born in Umm Al-Qura in the year 1356 AH.
Library catalog
Title
Author
Subject
ISBN
ISSN
Series
Call number
Log in to your account
×
Login:
Password:
Home
MARC view: إنما أنت.. بلسم :
Normal view
MARC view
ISBD view
إنما أنت.. بلسم : (Record no. 8435)
[
view plain
]
MARC details
000 -LEADER
fixed length control field
02251cam a2200373 i 4500
003 - CONTROL NUMBER IDENTIFIER
control field
SA-RiAUC
005 - DATE AND TIME OF LATEST TRANSACTION
control field
20250529051750.0
008 - FIXED-LENGTH DATA ELEMENTS--GENERAL INFORMATION
fixed length control field
250511s2010 ku g f000 p ara c
020 ## - INTERNATIONAL STANDARD BOOK NUMBER
International Standard Book Number
9789990699388
024 0# - OTHER STANDARD IDENTIFIER
Standard number or code
00000000976448
040 ## - CATALOGING SOURCE
Original cataloging agency
SA-MaMIU
Language of cataloging
ara
Transcribing agency
SA-RiAUC
Modifying agency
KW-KwMAI
Description conventions
rda
082 04 - DEWEY DECIMAL CLASSIFICATION NUMBER
Classification number
811.062
Assigning agency
SA-RiAUC
090 ## - LOCALLY ASSIGNED LC-TYPE CALL NUMBER (OCLC); LOCAL CALL NUMBER (RLIN)
Classification number (OCLC) (R) ; Classification number, CALL (RLIN) (NR)
811.062
Local cutter number (OCLC) ; Book number/undivided call number, CALL (RLIN)
م ف ل
100 1# - MAIN ENTRY--PERSONAL NAME
Personal name
مفلح، محمود،
Dates associated with a name
1943-
Relator term
مؤلف.
245 10 - TITLE STATEMENT
Title
إنما أنت.. بلسم :
Remainder of title
(ديوان شعر) /
Statement of responsibility, etc.
محمود مفلح.
250 ## - EDITION STATEMENT
Edition statement
الطبعة الأولى.
264 #1 - PRODUCTION, PUBLICATION, DISTRIBUTION, MANUFACTURE, AND COPYRIGHT NOTICE
Place of production, publication, distribution, manufacture
الكويت :
Name of producer, publisher, distributor, manufacturer
وزارة الأوقاف والشؤون الإسلامية، قطاع الشؤون الثقافية، إدارة الثقافة الإسلامية،
Date of production, publication, distribution, manufacture, or copyright notice
2010.
300 ## - PHYSICAL DESCRIPTION
Extent
137 صفحة ؛
Dimensions
21 × 14 سم.
336 ## - CONTENT TYPE
Content type term
نص
Content type code
txt
Source
rdacontent
Materials specified
كتاب
337 ## - MEDIA TYPE
Media type term
بدون وسيط
Media type code
n
Source
rdamedia
338 ## - CARRIER TYPE
Carrier type term
مجلد
Carrier type code
nc
Source
rdacarrier
490 1# - SERIES STATEMENT
Series statement
روافد.
--
إسهام ؛
Volume/sequential designation
الإصدار 29
506 0# - RESTRICTIONS ON ACCESS NOTE
Terms governing access
يهدى ولا يباع.
520 ## - SUMMARY, ETC.
Summary, etc.
يتناول كتاب (إنما أنت.. بلسم) والذي قام بتأليفه محمود مفلح، موضوع (شعر) الكتاب ديوانا شعريا يحمل في عنوانه قيم الأمل والحب والتفاؤل، ويشتمل على مجموعة من القصائد في موضوعات متنوعة، لكن الرابط الذي يوحد بينها هو الحب، حب الله تعالى والقرب منه، وحب الرسول صلى الله عليه وسلم، وحب الوطن، وحب العلماء والمعلمين، وحب الجمال. وكل قصيدة في هذا الحب الممتد تحمل قيما، وتبشر برؤية قوامها استمداد فضائل المحبوب والتغني بها.
520 0# - SUMMARY, ETC.
Summary, etc.
شعر.
650 #7 - SUBJECT ADDED ENTRY--TOPICAL TERM
Topical term or geographic name entry element
الشعر العربي الديني
Geographic subdivision
فلسطين
Chronological subdivision
قرن 21
Source of heading or term
aucsh
653 ## - INDEX TERM--UNCONTROLLED
Uncontrolled term
الشعر العربي
653 ## - INDEX TERM--UNCONTROLLED
Uncontrolled term
الشعر الديني
830 #0 - SERIES ADDED ENTRY--UNIFORM TITLE
Uniform title
روافد.
Name of part/section of a work
إسهام
Volume/sequential designation
الإصدار 29
856 4# - ELECTRONIC LOCATION AND ACCESS
Uniform Resource Identifier
<a href="BOOKS/91">BOOKS/91</a>
942 ## - ADDED ENTRY ELEMENTS (KOHA)
Source of classification or shelving scheme
Dewey Decimal Classification
Koha item type
Books
Suppress in OPAC
No
949 ## - LOCAL PROCESSING INFORMATION (OCLC)
a
SA-JeALM
d
250511
u
mohamedma123
n
1
Holdings
Withdrawn status
Lost status
Source of classification or shelving scheme
Damaged status
Not for loan
Home library
Current library
Date acquired
Total checkouts
Full call number
Barcode
Date last seen
Price effective from
Koha item type
Dewey Decimal Classification
DR AbdElwahab Library
DR AbdElwahab Library
05/29/2025
811.062 م ف ل
000013695
05/29/2025
05/29/2025
Books
Place hold
Print
Add to your cart
(remove)
Save record
BIBTEX
Dublin Core
MARCXML
MARC (non-Unicode/MARC-8)
MARC (Unicode/UTF-8)
MARC (Unicode/UTF-8, Standard)
MODS (XML)
RIS
ISBD
More searches
Search for this title in:
Other Libraries (WorldCat)
Other Databases (Google Scholar)
Online Stores (Bookfinder.com)
Open Library (openlibrary.org)
Exporting to Dublin Core...
×
Simple DC-RDF
OAI-DC
SRW-DC